[Event "Budapest FS08 GM"]
[Site "Budapest"]
[Date "1997.08.07"]
[Round "6"]
[White "Acs, Peter"]
[Black "Mikhalevski, Alexander"]
[Result "0-1"]
[WhiteElo "2460"]
[BlackElo "2470"]
[Annotator "Mikhalevski,A"]
[PlyCount "94"]
[EventDate "1997.08.02"]
[EventType "tourn"]
[EventRounds "9"]
[EventCountry "HUN"]
[EventCategory "7"]
[SourceTitle "CBM 059 Extra"]
[Source "ChessBase"]
[SourceDate "1997.09.26"]
[SourceVersion "1"]
[SourceVersionDate "1997.09.26"]
[SourceQuality "1"]

1. e4 e5 2. Nf3 Nc6 3. Bb5 a6 4. Ba4 Nf6 5. O-O Nxe4 6. d4 b5 7. Bb3 d5 8. dxe5
Be6 9. c3 Bc5 10. Nbd2 O-O 11. Bc2 Nxf2 12. Rxf2 f6 13. exf6 Bxf2+ 14. Kxf2
Qxf6 15. Nf1 Ne5 16. Be3 Rae8 17. Bc5 Nxf3 18. gxf3 Rf7 19. Kg2 d4 $3 {This
idea I found in 1979 already.} (19... Qg5+ {Possible the preventing check.} 20.
Kh1 (20. Ng3 {Alternative.}) 20... d4 $3 21. Qxd4 (21. Bxd4 {See this game.})
21... Rxf3 22. Be4 Rf4 23. Re1 Rxe4 24. Rxe4 Bd5 $19 {Yehuda Gruenfeld -
Viktor Mikhalevski Championship of Israel, 1991}) 20. Bxd4 Qg5+ 21. Kh1 (21.
Ng3 {V.Kupreichik played against me in 1981.} c5 22. Bf2 Rxf3 23. Kxf3 Bg4+ 24.
Kg2 Bxd1 25. Rxd1 $10 {Kupreichik,V. - Mikhalevski,A. Cup Belorussia, 1981})
21... Bd5 22. Bb3 $1 (22. Nd2 Rxf3 $1) 22... c5 23. Be3 (23. Bxd5 $142 Qxd5 24.
Bf2 Qxf3+ 25. Qxf3 Rxf3 26. Bxc5 Re2 $15) 23... Bxb3 24. Bxg5 Bxd1 25. Rxd1
Rxf3 26. Kg2 Rf5 27. h4 (27. Be3 Rxf1 $1 28. Kxf1 Rxe3 29. Rd6 Rf3+ $1 30. Kg2
Rf6) 27... Re2+ 28. Kh3 Rxb2 29. Ne3 Rff2 $1 30. Kg3 (30. Rd8+ Rf8) 30... Rbd2
$1 31. Be7 Rfe2 $1 32. Rxd2 Rxe3+ 33. Kf4 Rxe7 34. Rd6 Rf7+ 35. Kg4 (35. Ke5
Rf6 36. Rxf6 gxf6+ 37. Kxf6 b4 38. cxb4 c4 $1 $18) 35... Rf6 36. Rd8+ Kf7 37.
Rc8 c4 38. a4 Rg6+ 39. Kf5 (39. Kf4 h5 $1 $18) 39... Rf6+ 40. Kg4 Rf1 $1 41.
axb5 (41. Rc7+ Ke6 $1 (41... Kg6 42. Rc6+ Rf6 43. h5+) 42. Rc6+ (42. axb5 axb5
43. Rb7 Kd5 $1 44. Rxb5+ Ke4 $18) 42... Kd5 43. Rxa6 b4 $1 (43... bxa4 $2 44.
Rxa4 Rc1 45. Ra7 Ke4 46. Rd7 $1) 44. Ra5+ Ke4 45. cxb4 c3 46. Rc5 Rg1+ 47. Kh5
Kd3 48. a5 c2 49. a6 c1=Q 50. Rxc1 Rxc1 51. b5 Ra1 $19) 41... axb5 42. Rb8 Rb1
43. Kf5 g6+ 44. Kg5 Rg1+ 45. Kf4 (45. Kh6 Rg4 46. Rb7+ Kf6 47. Rb6+ Kf5 48.
Rxb5+ Ke4 49. Kxh7 Rxh4+ 50. Kxg6 Kd3 $19) 45... h5 46. Rb7+ (46. Ke5 Kg7 $1
$19) 46... Kf6 47. Rb6+ Kg7 0-1

[Event "ISR-ch"]
[Site "Ramat Aviv"]
[Date "1998.11.10"]
[Round "2.1"]
[White "Gruenfeld, Yehuda"]
[Black "Mikhalevski, Victor"]
[Result "1/2-1/2"]
[WhiteElo "2475"]
[BlackElo "2540"]
[Annotator "Mikhalevski,V"]
[PlyCount "116"]
[EventDate "1998.11.08"]
[EventType "k.o."]
[EventRounds "5"]
[EventCountry "ISR"]
[SourceTitle "CBM 068"]
[Source "ChessBase"]
[SourceDate "1999.02.01"]
[SourceVersion "1"]
[SourceVersionDate "1999.02.01"]
[SourceQuality "1"]

{[%mdl 256]} 1. e4 e5 2. Nf3 Nc6 3. Bb5 a6 4. Ba4 Nf6 5. O-O Nxe4 6. d4 b5 7.
Bb3 d5 8. dxe5 Be6 9. Nbd2 Nc5 10. c3 Be7 11. Bc2 Bg4 12. Re1 O-O 13. Nf1 (13.
Nb3 $5) 13... d4 {I tried to surprise my opponent by this rare move,but
unfortunately he was informed better than I had been expecting.} 14. h3 Bh5 15.
Ng3 Bxf3 16. Qxf3 d3 17. b4 $1 dxc2 18. bxc5 Nxe5 $2 $146 {[%mdl 72] During
the game I have been remembering only the idea of this sacrifice and had
absolutely forgotten that Kortchnoi played 18...Qd7 first in order to make 21.
Rf5 impossible.} (18... Qd7 $142 {Wedberg} 19. Nf5 Nxe5 $5 $146 {A surprising
novelty. Kortschnoj gives a piece for unclear compensation.} (19... Kh8 $6 {
Wedberg} 20. Qg4 g6 21. Nxe7 Qxg4 22. hxg4 Nxe7 23. Bg5 Nd5 24. Rac1 $14 {
Rodriguez,A-Wedberg,T/New York Open/1988}) (19... Qe6 $5 {Wedberg This could
well be the best move in the position.} 20. Qg4 (20. Qxc6 Qxf5 21. Qxc7 Qe6 $1
$15) 20... Qg6 (20... g6 $5) 21. Qxg6 hxg6 22. Nxe7+ Nxe7 23. Bg5 Nd5 $13) 20.
Rxe5 Qd1+ 21. Kh2 Bf6 22. Re3 (22. Qg3 $5 $146 {Mikhalevski,V} Rfe8 23. f4 Re6
$6 24. Nh6+ Kf8 25. Rxe6 fxe6 26. Ng4 {[%cal Gg4f6,Gf4f5]} Be7 27. Qf2 {
[%cal Gf4f5,Gg4e3]} Kg8 (27... Rd8 28. Ne3 {Magomedov,M}) 28. Ne3 Bxc5 $8 29.
Nxd1 $1 $18 {Magomedov,M-Mamahdshoev,Dushanbe 1997;71/(357)}) 22... Rad8 {
If Black would get b4 in, things would look rather rosy.} (22... b4 {Wedberg}
23. Ne7+ Kh8 24. Nd5 $16) (22... Rae8 {Wedberg} 23. Nh6+ Kh8 24. Rxe8 Rxe8 25.
Nxf7+ Kg8 26. Nh6+ Kh8 27. Qf5 $16) 23. a3 a5 24. Qe4 (24. Ne7+ {Wedberg} Kh8
25. Nc6 Rde8 26. Nxa5 Be5+ 27. g3 f5 28. Kg2 f4 29. gxf4 Re6 $1 $40 {This was
Kortschnojs suggestion after the game.} 30. Qe4 Rg6+ 31. Qxg6 hxg6 32. Rxe5
Rxf4 $15) 24... h5 25. Ne7+ $1 {Wedberg} (25. Nd4 $2 Rxd4 $1 26. cxd4 Bxd4 27.
Ra2 Qxc1 $1 28. Rxc2 (28. Qxd4 {Wedberg} Qb1 29. Ra1 c1=Q 30. Rxb1 Qxb1 31. Qe5
$11) 28... Qb1 29. Ree2 (29. Qxd4 {Wedberg} Qxc2 $15) 29... Bf6 30. Rcd2 (30.
c6 $1 {Wedberg Timman}) 30... Qc1 31. Qe3 b4 32. axb4 axb4 33. Rd5 Qc4 34. Qd3
Qxd3 35. Rxd3 Rb8 36. Rb3 Rb5 37. c6 Rb6 38. Re4 Bc3 39. Rc4 Kf8 40. Rb1 Ke7
41. f4 Ke6 42. Rd1 f5 43. g4 g6 44. Kg3 Ra6 {1/2-1/2 Timman,J-Kortschnoj,V/
Groningen 1996/CBM 57/[Wedberg] (44)}) 25... Kh8 (25... Bxe7 26. Qxe7 Qf1 27.
Re2 Rd1 28. Rxc2 $16) 26. Nc6 Rd5 27. Nxa5 Rxc5 28. Nb3 Rxc3 29. Rxc3 Bxc3 30.
Ra2 $18) 19. Rxe5 Qd1+ 20. Kh2 Bf6 21. Rf5 $1 $18 {[%cal Gf5f6,Gg3h5] Timman's
recommendation in 68-th Informant.This is the main difference.Now R:f6 and Nh5
are threatening and black has no time for counterplay.} Rfe8 (21... Rae8 {
doesn't save} 22. Rxf6 $1 gxf6 23. Bh6 $1 Qxf3 24. gxf3 Rd8 25. Rc1 Rfe8 26.
Rxc2 $16) (21... Qxf3 $142 22. Rxf3 Rad8 23. Bf4 Rd1 24. Rc1 Rxc1 25. Bxc1 Re8
{with some chances.} 26. Nf5 $140 $2 (26. c6 $5) (26. Re3 $5) 26... Re1 27. Re3
Be5+ $1 {[%cal Ge1c1]}) 22. Rxf6 $5 (22. Nh5 $5 Qxf3 (22... Be5+ $2 {is
refuted by} 23. Rxe5 $1 {[%cal Gf3a8]} Qxf3 24. Rxe8+ Rxe8 25. gxf3) (22... Be7
23. Rxf7 Bf8 24. Qf5) 23. Nxf6+ gxf6 24. Rxf3 Rad8 (24... Re1 25. Rg3+ Kh8 26.
c4 $1 {[%cal Gc1b2,Gg3c3]}) 25. Re3 $1 {/\R:e8,Be3(b2),Rc1} (25. Rg3+ Kh8 26.
Bh6 (26. Re3 $5 {/\R:e8,Be3(b2),Rc1}) 26... Rd1 $13)) 22... gxf6 {I took a
deep breath as I thought that 22.Nh5 had been simplier.Unfortunately the text
is not worse.} 23. Qxf6 $2 {[%cal Gg3f5,Gc1h6] This natural move is a mistake.}
(23. Bh6 $1 {is much simplier.} Qxf3 24. gxf3 {[%cal Gg3h5,Ga1c1]} Re5 $140 (
24... Kh8) 25. Ne4 (25. Rg1 Kh8 {[%cal Ga8g8]}) 25... Kh8 26. Nxf6 $1 Rf5 27.
Rg1 $1 Rxf6 28. Bg7+ $18) 23... Re6 $8 {Now I felt that I had chances to
escape.} 24. Qg5+ Rg6 $8 25. Qe5 {[%cal Gg3f5,Gg3h5]} Re6 $1 {[]} 26. Qxc7 (26.
Qf4 $5 {Gruenfeld,Y}) 26... Qe1 $1 {[%cal Ge1c3,Ge1f2] The point of the
previous move.} 27. a4 $1 Rf8 $1 $138 {Black has to keep all the options open
to complicate white's life.} (27... Qxf2 28. axb5 Rae8 (28... Re1 29. Nf5 $1
Rae8 (29... Qxf5 30. Qg3+) 30. Nh6+ Kg7 31. Bf4 $1 {[%cal Gc7f7]} R8e7 $140 32.
Nf5+) 29. Bf4 $1 R6e7 (29... Re1 30. Rxe1 Qxe1 31. Nf5 $18 {[%cal Gf5h6]}) (
29... axb5 30. Rf1 $18) 30. Qd6 Re6 31. Qd4 Qxd4 32. cxd4 axb5 33. Rc1 $18) (
27... Rae8) (27... Qxc3 $6 28. Ra3 Qe1 29. Qf4 $1 {[%cal Gg3f5,Gg3h5,Ga3g3,
Gc1b2]}) 28. axb5 axb5 29. Nf5 $6 {It wasn't necessary to sacrifice a pawn.} (
29. Qf4 $5) 29... Qxf2 30. Nh6+ (30. Qf4 $5 Qxf4+ 31. Bxf4 Re4 {[%cal Ge4c4]}
32. Bd6 Rfe8 33. Rc1) 30... Kg7 31. Ng4 Qf5 $1 32. Qg3 (32. c4 $5 {[%cal Gc1b2]
} h5 $1) 32... Rg6 $8 33. Qe3 {[%cal Ge3d4]} h5 $1 34. Qd4+ (34. Qe5+ $5) 34...
Kh7 35. Ne3 (35. Qe5 $142) 35... Qg5 $1 (35... Qf2 36. Qe5) 36. Qd2 (36. g4) (
36. Ng4 $142) 36... Qg3+ (36... b4 $5 37. Qxc2 Qxc5) 37. Kg1 Re8 $1 (37... Qxh3
38. Qxc2 $16) 38. Qf2 {Finally white changes queens.} (38. Nxc2 $4 Rge6 $1 {
[%cal Ge6e1]}) 38... Qxf2+ 39. Kxf2 {[%mdl 4096]} Rf6+ $1 (39... Rc6) 40. Ke2
Rc6 41. Ra2 (41. Kd3 $142) 41... Rxc5 42. Rxc2 Re6 $3 $14 {Now it's difficult
to make progress.} (42... b4 $2 43. c4 b3 44. Rc3 $1 Rb8 45. Bb2 $18) 43. Kd1 (
43. Bd2 {would let to change queen side pawns.} b4 $1 44. c4 b3 45. Rb2 Rxc4
46. Rxb3 $14) (43. Kf3 $5) 43... Rce5 $5 {This move took about half an hour.I
had to calculate pawn ending and evaluate queen(!) ending.As usual when you
calculate such long lines a mistake comes in the very beginning.After this
miscalculation the game goes into an interesting rook ending.} (43... Kg6 $5) (
43... f5 $5) 44. Rf2 (44. Re2 $5 f5 45. Re1 (45. Rf2 Rxe3 46. Bxe3 Rxe3 47.
Rxf5 Kg6 48. Rf3 (48. Rxb5 Rxc3 $11) (48. Kd2 Rxc3 $1 49. Rxh5 Rg3 $11) 48...
Rxf3 49. gxf3 Kg5 $1 $11 {see 44.Rf2}) 45... Kg6) 44... Rxe3 $1 (44... Kg6 45.
Nc2 {[%cal Gc2d4]}) 45. Bxe3 Rxe3 46. Kd2 $1 {This was a real shock for me.I
have complitely overlooked this intermediate move.Instead of playing queen
ending I had to defend dangerous rook ending. Fortunately I found a strong
idea and managed to save this game.} ({All my attention was concentrated on} 
46. Rxf7+ {with following variations:} Kg6 47. Rf3 (47. Kd2 Rxc3 $1 48. Kxc3
Kxf7 49. Kb4 Ke6 50. Kxb5 Ke5 (50... Kd5) 51. Kc6 (51. g3 Ke4 $11) 51... Kf4 (
51... h4 $4 52. Kd7 Kf4 53. Ke6 Kg3 54. Kf5 Kxg2 55. Kg4 $18) 52. Kd5 Kg3 53.
Ke4 Kxg2 $11) 47... Rxf3 $1 {Pawn ending with an extra pawn is not always
winning!} 48. gxf3 Kg5 49. Ke2 (49. Kc2 Kf4 50. Kb3 Kxf3 51. Kb4 Kg3 52. Kxb5
Kxh3 53. c4 h4 54. c5 Kg3 55. c6 h3 56. c7 h2 57. c8=Q h1=Q $11) 49... Kf4 50.
Kf2 (50. h4 Kg3) 50... h4 51. Ke2 (51. Kg2 Ke3) 51... Kg3 52. Ke3 Kxh3 53. Kf2
Kh2 54. f4 h3 $1 (54... b4 $2 55. cxb4 h3 56. b5 $1 Kh1 57. b6 h2 58. Kg3 Kg1
59. b7 h1=Q 60. b8=Q $16) 55. f5 b4 56. cxb4 (56. f6 bxc3 57. f7 c2 58. f8=Q
c1=Q 59. Qd6+ (59. Qb8+ Kh1 60. Qb7+ Kh2) 59... Kh1 60. Qd5+ Kh2 61. Qe5+ Kh1
62. Qe4+ Kh2 $11) 56... Kh1 57. f6 h2 58. Ke3 $1 Kg2 59. f7 h1=Q 60. f8=Q $14 {
[%csl Gb4] This is the queen ending that I was rushing into.Its evaluation is
not clear for me.The only thing which is clear the game will be deciding in
the time-trouble.}) 46... Re7 $1 (46... Rg3 47. Rxf7+ Kg6 48. Rf2 {[%cal Gd2c2,
Gc2b3,Gb3b4]}) 47. Rf5 Ra7 $3 {The point of the previous move.} 48. Rxh5+ (48.
Ke3 Ra3 $1 49. Kd4 Ra4+ $1 50. Kd3 Kg6 51. Rxb5 Ra2 52. g4 (52. Rb8 Kg7 $1 53.
g4 Rh2 $1 $11) 52... hxg4 53. hxg4 Rg2 54. Rb4 Rg3+ 55. Kc2 Kg5 $11 {[%cal
Gg3g4]}) (48. Kd3 Kg6 {see 48.Ke3}) 48... Kg6 49. g4 (49. Rxb5 Ra2+ 50. Kd3
Rxg2 51. Re5 f5 $14) 49... Ra2+ 50. Kd3 Rb2 $1 {preparing to meet 51.R~5 with
b4! and theoretically drawn position will have been arising as c4 is refuted
by Rb3+.} 51. Rh8 (51. h4 $5) (51. Rf5 b4 $1 52. c4 $140 Rb3+) 51... Kg7 $1 52.
Rb8 (52. Re8 b4 $1) 52... Rh2 53. Rxb5 Rxh3+ 54. Kc2 (54. Kd4 Rg3 55. g5 (55.
Rg5+ Kh6 56. Rg8 Kh7 57. Rg5 Kh6 58. Rh5+ Kg6 $11) 55... Kg6 56. c4 Rg4+ 57.
Kc3 Rxg5 58. Rxg5+ Kxg5 59. c5 Kf6 60. Kc4 Ke7 61. Kb5 Kd7 62. Kb6 Kc8 $11)
54... Rg3 55. Rg5+ $6 (55. g5 Kg6 $11 {[%cal Gg3g5]}) (55. Rb4 $142 Kf6 $1 56.
Rf4+ (56. Re4 Kg5 $11 {[%cal Gg3g4]}) 56... Ke5 57. Rxf7 Rxg4 58. Rd7 Ke6 59.
Rd8 Ke7 60. Rd3 Ke6 61. Kb3 Rg8 $11) 55... Kf8 $1 $11 {[%cal Gf7f6] At this
moment I finally felt a big relief.Second game will be started from the score
0.5-0.5.} 56. Kb3 f6 57. Rf5 Rxg4 58. Rxf6+ Ke7 {[%cal Ge7d7]} 1/2-1/2

[Event "Sarajevo Bosnia 30th"]
[Site "Sarajevo"]
[Date "2000.05.26"]
[Round "9"]
[White "Adams, Michael"]
[Black "Sokolov, Ivan"]
[Result "1-0"]
[WhiteElo "2715"]
[BlackElo "2637"]
[Annotator "Mikhalevski,V"]
[PlyCount "129"]
[EventDate "2000.05.17"]
[EventType "tourn"]
[EventRounds "11"]
[EventCountry "BIH"]
[EventCategory "19"]
[SourceTitle "CBM 077"]
[Source "ChessBase"]
[SourceDate "2000.07.27"]
[SourceVersion "1"]
[SourceVersionDate "2000.07.27"]
[SourceQuality "1"]

1. e4 e5 2. Nf3 Nc6 3. Bb5 a6 4. Ba4 Nf6 5. O-O Nxe4 6. d4 b5 7. Bb3 d5 8. dxe5
Be6 9. Nbd2 Nc5 10. c3 Bg4 11. Bc2 Ne6 {A rare but possible move.} (11... Be7 {
is the main line}) 12. Re1 Bc5 (12... Qd7 13. Nb3 Rd8 14. a4 Be7 15. axb5 axb5
16. h3 Bh5 17. Bd3 Rb8 18. Bf5 O-O 19. Qd3 Bg6 20. Bxg6 hxg6 21. Be3 $14 {
1-0 Vasiesiu,D-Raceanu,V/Bucharest 1999/CBM 69 ext (31)}) 13. Nf1 ({Another
plan is} 13. Nb3) 13... Ne7 $5 $146 {An attempt to revive 11... Ne6.} (13...
Bh5 14. Ng3 Bg6 15. h4 $5 (15. Bb3 $5 Ne7 16. h4 h6 17. h5 Bh7 18. Nd4 Bxd4 19.
cxd4 O-O 20. Qg4 Kh8 21. Be3 Qd7 22. Rac1 $14 {Kovalev,A-Kaidanov,G/
Blagoveshchensk 1988/TD/1-0 (44)}) 15... O-O $2 (15... Qd7 $2 16. Bb3 {[%csl
Rd5,Rg6][%cal Gh4h5]} Rd8 17. h5 Be4 18. Nxe4 dxe4 19. Qxd7+ Rxd7 20. Rxe4 $16
{1-0 Innala,H-Granthal,R/FIN 1996/EXT 99 (39)}) (15... d4 $5) 16. Bb3 $1 {
[%csl Rd5,Rg6][%cal Gh4h5]} h6 17. h5 Bh7 18. Bxd5 $16 {Almasi,Z-Jussupow,A/
Ubeda 1997/CBM 58/[Hansen,Cu]/1-0 (47)}) 14. Ng3 {[%csl Rg4][%cal Gh2h3]} (14.
h3 Bh5 (14... Bf5) 15. Ng3 Bg6) 14... h5 {[%cal Gh5h4] Black wants to keep the
bishop.} 15. h3 h4 16. Nf1 Bh5 17. a4 (17. b4 $5 Bb6 18. a4) 17... b4 18. a5 $1
{[%csl Ra6] Fixing the weakness on a6.} bxc3 19. bxc3 Qb8 {[%cal Gb8a7] Black
has been preparing exchange of dark-squared bishops by means of Qa7 hoping to
get the f4-square for his knight.} 20. Ra4 $1 {The best square for the rook.It
takes under control the f4-square and attacks the h4-pawn.} Qa7 21. Be3 {
[%cal Ga4h4]} g5 $6 {[%csl Rf6]} ({I think} 21... Bxe3 $5 {would leave more
chances to reach equality.} 22. Nxe3 Bxf3 (22... Rh6 $5 23. Ng4 (23. Rxh4 $2
Bxf3 {[%csl Rd1,Rh4]}) 23... Rh8 24. Nxh4 Qc5 {[%csl Rc3]} 25. Re3 Nc6 $14 {
[%csl Ra5]}) 23. Qxf3 Qc5) 22. N1h2 {[%csl Rf6][%cal Gh2g4,Gg4f6]} Bxe3 23.
Rxe3 Nf4 {Otherwise Ng4 is unpleasant} 24. Qd2 {[%csl Rg5]} Rg8 25. Re1 $1 {
[%csl Rf4][%cal Gf3g5] Preparing N:g5.} (25. Nxg5 {[%csl Rf4]} Nxg2 $1) 25...
O-O-O (25... Ne6 26. Ng4 {[%csl Rf6][%cal Gg4f6]} Bxg4 27. Rxg4 {[%csl Rg5]}
Qc5 {[%csl Ra5]} 28. Ra1 $16 {[%csl Rg5]}) 26. Nxg5 $1 {Now it works as after
N~ white knight on g5 will be defended from d2.} Ne2+ ({Black could try
sacrificing of two rooks for a queen:} 26... Rxg5 27. Qxf4 Rdg8 28. Ng4 $16
Bxg4 29. hxg4 Rxg4 $5 (29... Qc5 30. Qxf7 $18) 30. Qxg4+ Rxg4 31. Rxg4 Qc5 {
[%csl Ra5,Rc3]} 32. Re3 $16 (32. e6 $5 Qxc3 (32... f5 $5) 33. exf7 $3 Qxe1+ 34.
Kh2 Qe5+ 35. Kh3 Qh8 36. Rg8+ $1 (36. Bh7 $2 Kb7) 36... Qxg8 37. fxg8=Q+ Nxg8
38. Kxh4 $14 {[%csl Gc2]})) 27. Rxe2 ({Even more convincing was} 27. Kf1 $1 d4
$1 (27... Nxc3 28. Rxh4 $1 Ne4 (28... Bg6 29. Qxc3 Bxc2 30. Nxf7 $18) 29. Nxe4
dxe4 30. Qb4 Nd5 31. Qxe4 Bg6 32. Qg4+ $18) 28. Ngf3 $3 (28. Rxe2 dxc3 $1 29.
Qe3 Bxe2+ 30. Qxe2 (30. Kxe2 Rd2+ $19) 30... Rxg5 (30... Rd2 $2 31. Qg4+ Kd8 $8
{[%csl Rc2,Rf2]} 32. Rf4 $1 Rxc2 33. Rd4+ Ke8 34. Qd7+ Kf8 35. Qd8+ Kg7 36.
Ne6+ $1 $18) 31. Nf3 $36) 28... Nxc3 29. Rxd4 $18 {[%csl Rc8]}) 27... Bxe2 28.
Rxh4 (28. Qxe2 $5 Rxg5 29. Bd3 {[%csl Ra6]} Rdg8 30. Bxa6+ Kd8 31. Ng4 $16)
28... Rg7 {[%csl Rg2][%cal Gd8g8]} 29. Qxe2 Rxg5 30. Rh7 $5 (30. Bd3 {[%csl
Ra6] was sufficient for a big edge.For instance} Rdg8 31. Ng4 (31. Bxa6+ Kd8
32. Rg4 (32. Ng4 $143 Ng6 33. Rh6 Nxe5 $1) 32... R5g6 $1 {[%csl Ra6]} 33. Bd3
Rxg4 34. Nxg4 Qxa5 35. Nf6 $16) 31... Ng6 32. Rh6 $1 (32. Bxa6+ Kd8 {see 31.B:
a6}) 32... Nxe5 33. Bh7 $1 Re8 (33... Nxg4 34. hxg4 Rd8 35. Qe7 $1 {[%cal
Gh7f5]}) 34. Rxa6 Qb7 (34... Nf3+ 35. gxf3) 35. Rh6 $16 {[%cal Gf2f4]} (35. f4
$2 Rxg4 36. hxg4 Nf3+ 37. Qxf3 Qxa6 38. Bf5+ Kb8 39. Qxd5 Qe2 $132)) 30... Rdg8
31. Ng4 R5g7 32. Rxg7 Rxg7 33. Qf3 $16 {[%cal Gf3f6]} Qc5 $1 {The only chance.}
(33... c6 34. Qf6 Rg8 35. Nh6 $18 {[%cal Gh6f7]}) 34. Qf6 Rg8 35. Nh6 $2 ({
Much simplier was} 35. Qxa6+ Kb8 36. Qf6 $1 {[%csl Re7,Rf7]} Qxc3 37. Bh7 $1
Re8 38. Qxf7 $18 {Preventing any possible counterplay.}) 35... Rg3 $1 {[%cal
Gg3c3]} 36. Nf5 $6 (36. Qxa6+ Kb8 37. Bd3 Rg7) (36. Bd3 $142 $1 Nc6 (36... Rxd3
$2 37. Qxa6+ {[%csl Rc8,Rd3]}) 37. Bxa6+ Kb8 38. Qf5 {[%cal Gf5c8]} Ka7 (38...
Nxa5 39. Bd3 Rg7 40. Nxf7 Qxc3 41. e6 $16 {[%csl Rb8,Rd5,Ge6]}) 39. Bb5 $1 (39.
Bd3 Nxe5 $1) 39... Rxc3 40. Bxc6 Qxc6 41. Nxf7 $16) 36... Nxf5 37. Bxf5+ $6 (
37. Qxf5+ $142 Kb7 {[%cal Gg3c3]} 38. Bd3 $1 Rg8 39. e6 $1 (39. c4 $5) (39.
Qxf7 Rf8 {[%csl Rf2]}) 39... fxe6 40. Qxe6 $1 (40. Bxa6+ Ka7 41. Qxe6 Rf8 {
[%csl Rf2]}) 40... Ra8 41. c4 $1 $16) (37. Qxa6+ $6 Kb8 38. Bxf5 Rxc3) 37...
Kb7 38. Qxf7 Rxc3 $132 {After series of White's time-trouble(?) inaccuracies
Black gets counterplay.} 39. Be6 Ka7 $6 {I think Black should keep the d-pawn.}
(39... d4 40. Bd5+ Ka7 41. Qg8 c6 42. Qf7+ Kb8 43. Qe8+ Kc7) (39... Rd3 $5 $132
) 40. Bxd5 Rc1+ 41. Kh2 Rd1 42. Bf3 Qxe5+ 43. g3 $14 {Now open position of
black king and pass pawns on the king side secure better chances for White.}
Rb1 44. h4 Qxa5 45. h5 Rb2 {[%csl Rf2]} (45... Qc5 46. Kg2 Rb2 {see 45...Rb2})
46. Kg2 Qc5 {[%csl Rf2]} 47. Be4 Rb4 (47... Qe5 48. Qf3 {[%cal Gh5h6]}) 48. f3
{[%cal Gh5h6] Bringing his king to a safe place on h3.} Rb6 49. Qg7 $1 {
[%cal Gh5h6,Gh6h7,Gh7h8]} Qd6 (49... Rd6 $5 50. h6 $140 $4 (50. Qb2 $142 Rb6
51. Qh8 {[%cal Gh8a8]} Rb8 52. Qg7 $1) 50... Rd2+ 51. Kh3 Qh5#) 50. Qc3 $5 {
[%csl Rc7][%cal Gh5h6]} Qd8 51. Qc1 $1 $16 {[%cal Gh5h6]} Kb8 52. h6 Qf6 53. h7
a5 54. Qf4 $2 (54. Qg5 $142 $1 $18 {was winning on the spot} Rb2+ (54... Qb2+
55. Kh3 {[%cal Gg5g8]}) 55. Kh3 Qxg5 56. h8=Q+ Ka7 57. Qa8+ Kb6 58. Qc6+ Ka7
59. Qxc7+ Ka6 60. Bd3+ Rb5 61. Qc6+ Ka7 62. Bxb5 $18) 54... Qb2+ $1 (54... Qxf4
$2 55. h8=Q+ Ka7 56. Qa8#) 55. Kh3 Qg7 56. Qd2 Rd6 57. Qc1 a4 $2 {[%mdl 8192]
Now white queen is coming with decisive effect.} (57... Kc8 $142 $1) 58. Qb1+
Rb6 59. Qa2 {[%cal Ga2g8]} Qh6+ $2 ({More stubborn was} 59... Rh6+ $142 60. Kg2
Qc3) 60. Kg2 Rb3 61. Qa1 $1 {[%cal Gh7h8]} Qd2+ 62. Kf1 $18 Rxf3+ 63. Bxf3 Qd3+
64. Kf2 Qc2+ 65. Kg1 (65. Kg1 Qxh7 (65... Qc5+ 66. Kh1) 66. Qb2+ Kc8 67. Bg4+
Kd8 68. Qb8+ Ke7 69. Qxc7+ {[%csl Rh7]}) 1-0